| 000 | 01207nam a22002897a 4500 | ||
|---|---|---|---|
| 003 | EG-ScBUE | ||
| 005 | 20211123144335.0 | ||
| 008 | 110915s1975 ua f 000 0 dara d | ||
| 017 | _a1975 / 4983 | ||
| 040 |
_aEG-ScBUE _bara _erda _cEG-ScBUE _dEG-ScBUE |
||
| 082 | 0 | 4 |
_a892.736 _bر ا غ _222 |
| 100 | 1 |
_916250 _aراغب، نبيل، _d1940- _eمؤلف. |
|
| 245 | 1 | 0 |
_aقضية الشكل الفني عند نجيب محفوظ : _bدراسة تحليلية لأصولها الفكرية والجمالية / _cنبيل راغب. |
| 250 |
_aالطبعة الثانية، _bمزيدة. |
||
| 264 | 1 |
_aالقاهرة : _bالهيئة المصرية العامة للكتاب، _c1975. |
|
| 300 |
_a391 صفحة ؛ _c24 سم |
||
| 336 |
_2rdacontent _aنص _btxt |
||
| 337 |
_2rdamedia _aبدون وسيط _bn |
||
| 338 |
_2rdacarrier _aمجلد _bnc |
||
| 600 | 1 | 7 |
_aمحفوظ، نجيب، _d1911-2006. _2BUEsh |
| 650 | 7 |
_917682 _aالأدب العربي _xتاريخ _yالعصر الحديث. _2BUEsh |
|
| 650 | 7 |
_927219 _aالقصص العربية _xتاريخ _yالعصر الحديث. _2BUEsh |
|
| 651 | _2BUEsh | ||
| 653 |
_cSeptember2011 _bARALIT |
||
| 655 |
_vReading book _934232 |
||
| 942 |
_2ddc _cBB |
||
| 999 |
_c16044 _d16044 |
||